000
00303nam a2200121Ia 4500
008
191201s1996 xx 000 0 und d
100
_a
SINGH,L.P.
245
0
_a
Advanced Power System Analysis and Dynamics
260
_a
N. delhi
_b
New Age
_c
1996
300
_a
483
650
_a
B.Tech(ECE)
942
_2
ddc
_c
BK
999
_c
405
_d
405